000 00563nam a22001937a 4500
005 20251108173629.0
008 250721s2001 xx 000 0 ara d
082 1 4 _aط/214/طهط
100 1 _aالطهطاوي، علي عبد العال
245 1 0 _aالقبر أول منازل الآخرة /
264 1 _aالقاهرة :
_bمكتبة الصفا،
_c2001.
300 _a80ص.
650 1 7 _aالاسلام
650 1 7 _aالآخرة
650 1 7 _aالقبر
653 _aناشئون كبار (15-18سنة)
942 _2ddc
_cBK
999 _c108537
_d108537